000 00918pam a2200277 a 4500
001 2523417
003 OSt
005 20220405113625.0
008 930319s1993 nyu d 000 0deng
010 _a 93020521
020 _a0028971930 :
_c$55.00
040 _aDLC
_cDLC
_dDLC
043 _aa-is---
050 0 0 _aDS126.5
_bP75
082 0 0 _a320.95694/03
_220
245 0 0 _aPolitical dictionary of the State of Israel /
_cSusan Hattis Rolef, editor.
250 _a2nd ed.
260 _aNew York :
_bMacmillan,
_c1993.
300 _a417 p. ;
_c27 cm.
500 _aIncludes supplement 1987-1993. 69 p.
651 0 _aIsrael
_xPolitics and government
_xDictionaries.
_92207
700 1 _aRolef, Susan Hattis.
_92209
906 _a7
_bcbu
_corignew
_d1
_eocip
_f19
_gy-gencatlg
942 _2lcc
_cBK
999 _c40344
_d40344